000
00305nam a2200121Ia 4500
008
190216s9999||||xx |||||||||||||| ||und||
100
_a
Lester B Pearson
245
0
_a
Democracy In World Politics
260
_b
Oxford University Press
_c
1960
300
_a
120p
650
_a
Political Science
942
_c
BK
999
_c
34745
_d
34745